Краткий отчет Терского окружного исполнительного комитета Советов рабочих, крестьянских, красноармейских и казачьих депутатов 4-го созыва крестьянам и казакам Терского округа за 1923-24 г. (Запись № 11222579)

Подробности
000 -МАРКЕР
контрольное поле 03964nam0a2200481 4500
001 - ИДЕНТИФИКАТОР ЗАПИСИ
контрольное поле RU\NLR\BIBL_A\011668371
005 - ИДЕНТИФИКАТОР ВЕРСИИ
контрольное поле 20250630155747.0
020 ## - НОМЕР ДОКУМЕНТА В НАЦИОНАЛЬНОЙ БИБЛИОГРАФИИ
Код страны Российская Федерация
Номер 13833
Основное заглавие издания Российской книжной палаты Сводный каталог листовок первых лет Советской власти (25 октября (7 ноября) 1917 - 1925) Т.5. Листовки советских, партийных, профсоюзных, комсомольских и других организаций краев РСФСР. Ч.1
035 ## - ДРУГИЕ СИСТЕМНЫЕ НОМЕРА
Идентификатор записи (NLR Aleph) 011668371
100 ## - ДАННЫЕ ОБЩЕЙ ОБРАБОТКИ
Данные общей обработки 20180402d1924 |||y0rusy50 ca
101 0# - ЯЗЫК РЕСУРСА
Язык текста, звукозаписи и т.д. русский
102 ## - СТРАНА ПУБЛИКАЦИИ ИЛИ ПРОИЗВОДСТВА
Страна публикации Российская Федерация
105 ## - ПОЛЕ КОДИРОВАННЫХ ДАННЫХ: ТЕКСТОВЫЕ МАТЕРИАЛЫ, МОНОГРАФИЧЕСКИЕ
Кодированные данные о монографическом текстовом документе y z 000zy
135 ## - ПОЛЕ КОДИРОВАННЫХ ДАННЫХ: ЭЛЕКТРОННЫЕ РЕСУРСЫ
Кодированные данные для электронного ресурса crcn 024apada
200 1# - ЗАГЛАВИЕ И СВЕДЕНИЯ ОБ ОТВЕТСТВЕННОСТИ
Основное заглавие Краткий отчет Терского окружного исполнительного комитета Советов рабочих, крестьянских, красноармейских и казачьих депутатов 4-го созыва крестьянам и казакам Терского округа за 1923-24 г.
Сведения, относящиеся к заглавию [листовка
Первые сведения об ответственности Терский окр. исполнительный комитет Советов]
210 ## - ПУБЛИКАЦИЯ, РАСПРОСТРАНЕНИЕ И ДР.
Место издания, распространения и т.д. Пятигорск
Имя издателя, распространителя и т. д. 1-я Гостип.
Дата издания, распространения и т.д. 1924
215 ## - ФИЗИЧЕСКАЯ ХАРАКТЕРИСТИКА
Специфическое обозначение материала и объем 1 с. в 8 стб.
Размеры 62х100
300 ## - ОБЩИЕ ПРИМЕЧАНИЯ
Текст примечания Подписи: Терский окружной исполнительный комитет: председатель Окружного исполнит. комитета М.М. Карклин; зам. пред. Окрисп. Минеев; секретарь Окруж. исполнит. комитета П. Ватолин
300 ## - ОБЩИЕ ПРИМЕЧАНИЯ
Текст примечания Перед загл.: Всем рикам и сельсоветам. Означенный отчет обязательно вывешивать на видном месте и оглашать на общих собраниях граждан села или станицы
325 1# - ПРИМЕЧАНИЕ О КОПИИ
Текст примечания Копия доступна в Электронной библиотеке РНБ
540 1# - ДОПОЛНИТЕЛЬНОЕ ЗАГЛАВИЕ, ПРИМЕНЯЕМОЕ КАТАЛОГИЗАТОРОМ
Заглавие Всем рикам и сельсоветам. Означенный отчет обязательно вывешивать на видном месте и оглашать на общих собраниях граждан села или станицы
607 ## - ГЕОГРАФИЧЕСКОЕ НАИМЕНОВАНИЕ КАК ПРЕДМЕТ
Географическое наименование РСФСР
Формальный подзаголовок Листовки
Тематический подзаголовок Политика и управление
Географический подзаголовок 1917 - 1925
Системный номер авторитетной/нормативной записи 2312782
Идентификатор авторитетной/нормативной записи RU\NLR\auth\6601609564
607 ## - ГЕОГРАФИЧЕСКОЕ НАИМЕНОВАНИЕ КАК ПРЕДМЕТ
Географическое наименование Терская губерния
Формальный подзаголовок Листовки
Тематический подзаголовок Политика и управление
Хронологический подзаголовок 1917 - 1924
Системный номер авторитетной/нормативной записи 2597393
Идентификатор авторитетной/нормативной записи RU\NLR\AUTH\6601743962
686 0# - ИНДЕКСЫ ДРУГИХ КЛАССИФИКАЦИЙ
Индекс Т3(2)71-313,011
686 0# - ИНДЕКСЫ ДРУГИХ КЛАССИФИКАЦИЙ
Индекс Т3(2Р-7Те)71-313,011
702 #1 - ИМЯ ЛИЦА - ВТОРИЧНАЯ ОТВЕТСТВЕННОСТЬ
Код отношения Подписавшее лицо
Начальный элемент ввода Карклин
Часть имени, кроме начального элемента ввода М. М.
Дополнения к именам, кроме дат участник установления советской власти, Пятигорк
Даты 1894-1938
Расширение инициалов личного имени Мартын Мартынович
Системный номер авторитетной/нормативной записи 191623
Идентификатор авторитетной/нормативной записи RU\NLR\AUTH\770191674
702 #1 - ИМЯ ЛИЦА - ВТОРИЧНАЯ ОТВЕТСТВЕННОСТЬ
Код отношения Подписавшее лицо
Начальный элемент ввода Минеев
Дополнения к именам, кроме дат участник установления советской власти, г. Пятигорск
Системный номер авторитетной/нормативной записи 191714
Идентификатор авторитетной/нормативной записи RU\NLR\AUTH\770191765
702 #1 - ИМЯ ЛИЦА - ВТОРИЧНАЯ ОТВЕТСТВЕННОСТЬ
Код отношения Подписавшее лицо
Начальный элемент ввода Ватолин
Часть имени, кроме начального элемента ввода П. А.
Дополнения к именам, кроме дат гос. и парт. деятель
Даты 1889-1940
Расширение инициалов личного имени Пётр Александрович
Системный номер авторитетной/нормативной записи 191720
Идентификатор авторитетной/нормативной записи RU\NLR\AUTH\770191771
710 02 - НАИМЕНОВАНИЕ ОРГАНИЗАЦИИ - ПЕРВИЧНАЯ ОТВЕТСТВЕННОСТЬ
Начальный элемент ввода Терский окружной исполнительный комитет Советов
Системный номер авторитетной/нормативной записи 467971
Идентификатор авторитетной/нормативной записи RU\NLR\AUTH\880400547
852 00 - МЕСТОНАХОЖДЕНИЕ И ШИФР ХРАНЕНИЯ
Идентификатор организации NLR
Наименование фонда или коллекции (Sub-Location Identifier) ФЛ
Шифр хранения (Call Number) 38/346
856 #0 - МЕСТОНАХОЖДЕНИЕ ЭЛЕКТРОННЫХ РЕСУРОВ И ДОСТУП К НИМ
Универсальный идентификатор ресурса (Uniform Resource Identifier) https://vivaldi.nlr.ru/ll700000546/view
856 #1 - МЕСТОНАХОЖДЕНИЕ ЭЛЕКТРОННЫХ РЕСУРОВ И ДОСТУП К НИМ
Универсальный идентификатор ресурса (Uniform Resource Identifier) https://vivaldi.nlr.ru/ll700000546/cover
856 #2 - МЕСТОНАХОЖДЕНИЕ ЭЛЕКТРОННЫХ РЕСУРОВ И ДОСТУП К НИМ
Универсальный идентификатор ресурса (Uniform Resource Identifier) https://vivaldi.nlr.ru/ll700000546/text
942 ## - ДОПОЛНИТЕЛЬНЫЕ ЭЛЕМЕНТЫ ЗАПИСИ (АБИС)
Тип экземпляра АБИС Книга
980 ## - КОЛЛЕКЦИЯ
Название коллекции Национальная библиография
981 22 - КОЛЛЕКЦИЯ ЭЛЕКТРОННОЙ БИБЛИОТЕКИ
Название коллекции Материалы по истории России
Название подколлекции 3. История России с 25 октября (7 ноября) 1917 года
981 21 - КОЛЛЕКЦИЯ ЭЛЕКТРОННОЙ БИБЛИОТЕКИ
Название коллекции Листовки
Название подколлекции

Нет доступных экземпляров.